00288nam a22001097a 450000500170000002000180001708200180003510000190005324500460007226000490011830000110016720260513151143.0 a9789360610517 a541.38 ADA.R  aAdams, Francis aRadioisotopes in soil and plant studies / aDarya Ganj , bPinakin Publishing : cc2025. a272 p.